| 000 | 01559 a2200265 4500 | ||
|---|---|---|---|
| 003 | OSt | ||
| 005 | 20180116192406.0 | ||
| 008 | 120613t xxu||||| |||| 00| 0 eng d | ||
| 020 | _a0714838136 (paperback) | ||
| 020 | _a9780714838137 (paperback) | ||
| 040 | _c0 | ||
| 082 | 0 | 4 | _a758.1094409034 |
| 100 | 1 |
_aBumpus, Judith. _94606 |
|
| 245 | 1 | 0 |
_aImpressionist gardens / _cJudith Bumpus. |
| 260 |
_aLondon : _bPhaidon Press, _c1990. |
||
| 300 |
_a80 p . : _bill. ; _c31 cm. |
||
| 520 | _aThis book brings together a selection of Impressionist paintings of gardens and flowers, a favourite and richly developed subject of artists including Monet, Renoir, Pissarro and Sisley. The Impressionists, with their approach to rendering outdoor effects and fleeting atmospheric conditions, captured the sunlit colour, mood and almost the smell of flower gardens. In doing so, they registered a new public sensibility: the love, not just of fresh air and greenery, but also of gloriously colourful settings on a domestic scale. For indeed, some of the best-loved works are of their own and their friends' gardens, such as Monet's garden at Giverny. This book is a celebration of both art and nature. | ||
| 650 | 1 | 0 |
_aImpressionism (Art) _94607 |
| 650 | 1 | 0 |
_aPainting, Modern _94608 |
| 650 | 1 | 0 |
_aPainting, French _94609 |
| 650 | 1 | 0 |
_aGardens _zFrance _94610 |
| 856 | 4 | 0 |
_3Amazon.com _uhttp://www.amazon.com/exec/obidos/ASIN/0714838136/chopaconline-20 |
| 942 |
_aSADA _cBK _k758.1094409034 BUM 1990 _2ddc |
||
| 999 |
_c353400 _d353400 |
||